000
003280000a22001330004500
005
20120302064730.0
942
_c
BOOK
100
_a
Ramdas swami
245
_a
Verses Of Mind ( Manache Shlok)
260
_a
Bombay: Jeevandeep Prakashan
300
_a
83 p.
040
_a
Eng
650
_a
Shlok / Manache shlok / Verses of mind
999
_c
362921
_d
362918